000 00548cam a22001577a 4500
008 180718b2000 xxu||||| |||| 00| 0 eng d
082 _aAPPPA 99-2000 CHI
100 _aChimni, H.J.S.
245 _aWhat is wrong with Indian sports in general and Hockey in particular
_cby H.J.S. Chimni
260 _aNew Delhi
_bIndian Institute of Public Administration
_c2000
300 _a112p.
500 _aAn APPPA M.Phil. dissertation, 99-2000 (Guide: R.K. Tiwari)
650 _aAPPPA
650 _aHockey - Tournaments - India
650 _aSports - India
999 _c489439
_d489439